| 000 | 00646cam a2200241 4500 | ||
|---|---|---|---|
| 008 | 100816s1996 xxk l f | ||
| 020 | _a0105452963 | ||
| 035 | _a(Sirsi) u57719 | ||
| 041 | _aeng | ||
| 050 | 0 | 4 | _a306.1 $2 18 |
| 110 |
_aUnited Kingdom _kLaws, etc _95044 |
||
| 245 | _aHousing Act 1996 | ||
| 260 |
_aLondon _bHMSO _c1996 |
||
| 300 | _axi,241p. ; 30cm. | ||
| 350 | _a18 | ||
| 650 | _aHOMELESSNESS | ||
| 650 | _aHOUSING ACT 1996 | ||
| 650 | _aLEASEHOLD REFORM | ||
| 650 | _aPROPERTY-RESIDENTIAL PROPERTY-RESIDENTIAL LANDLORD AND TENANT-RESIDENTIAL TENANCIES | ||
| 690 | _aHOUSING | ||
| 942 | _n0 | ||
| 948 | _c04/03/1997 | ||
| 999 |
_c93965 _d93965 |
||